00920nam a2200205 a 450000100100000000500170001000800410002704000250006808200160009310000340010924500470014326000550019030000280024549000280027371000610030183000350036295201140039795201860051199900170069700003847720251120073733.0130412s1987 dr a r 000 0 spa d aDO-SdBNPbspacBNPHU axxxxbS161v1 aSalcé, George Leonel96482110aViento y energia /cGeorge Leonel Salcé. aSantiago, República Dominicana :bPUCMM ,c1987. a243 p. :bil. ;c20 cm.1 aColección textosv1242 aPontificia Universidad Católica Madre y Maestra 9843 0aColección textosn124964822 0010718PDaPDbPDcHDd2013-04-12iLF1l0oxxxx S161vp38477-10r2020-06-25w2020-06-25yLFPDZNo se presta 0010718PDaPDbPDcHDd2019-06-24iLF1l0oxxxx S161vp38477-20r2020-06-25te. 2w2020-06-25yLFPDzPerteneció a la biblioteca personal de la familia Reyes Duluc.ZNo se presta c37967d37967